[Event "N4 Loures-Barousse-Castel Moissac"]
[Site "Colomiers"]
[Date "2006.02.04"]
[Round "7"]
[White "Vainguer, Guillaume"]
[Black "Oriot, Patrice"]
[Result "0-1"]
[WhiteElo "1770"]
[BlackElo "2150"]
[EventDate "2006.??.??"]
[PlyCount "54"]

1.d4 e6 2.c4 b6 3.Nc3 Bb7 4.e4 Bb4 5.Qg4 Nf6 6.Qg3 Bxe4 7.Be2 O-O 8.Nh3 d5
9.O-O Bg6 10.Bg5 dxc4 11.Rad1 Bxc3 12.bxc3 b5 13.Bf3 c6 14.Nf4 Qa5 15.Bxf6
gxf6 16.h4 Kh8 17.h5 Bf5 18.Qh4 Qd8 19.d5 cxd5 20.Nxd5 Bd3 21.Nxf6 Nd7 22.
h6 Qxf6 23.Qxf6+ Nxf6 24.Bxa8 Bxf1 25.Bc6 Bd3 26.Bxb5 Nd5 27.Rc1 Nf4 0-1

[Event "N4 Loures-Barousse-Castel Moissac"]
[Site "Colomiers"]
[Date "2006.02.04"]
[Round "7"]
[White "Szitas, Gabor"]
[Black "Lacroix, Romain"]
[Result "0-1"]
[WhiteElo "2211"]
[BlackElo "2068"]
[EventDate "2006.??.??"]
[PlyCount "110"]

1.e4 e5 2.Bc4 Nf6 3.d3 c6 4.Nf3 d5 5.exd5 cxd5 6.Bb3 Nc6 7.O-O Bd6 8.Nc3 
Be6 9.Bg5 Bc7 10.Re1 a6 11.Bh4 O-O 12.h3 Re8 13.Bg3 Bf5 14.Bh4 Be6 15.Qd2 
Qd7 16.Bxf6 gxf6 17.Qh6 Bd8 18.Nh4 Kh8 19.f4 Rg8 20.f5 Bxf5 21.Nxf5 Qxf5 
22.Bxd5 Qg6 23.Qxg6 Rxg6 24.Bxf7 Rg7 25.Bd5 Nd4 26.Rac1 Rc8 27.Ne4 $4 Nf3+
28.Kh1 Nxe1 29.Rxe1 Rxc2 30.Nd6 Rd7 31.Bb3 Rxb2 32.Nf5 Rxd3 33.Re4 Bb6 34.
h4 Rb1+ 35.Kh2 Bg1+ 36.Kh1 Be3+ 37.Kh2 Bg1+ 38.Kh1 Bc5+ 39.Kh2 Rbxb3 40.
axb3 Rxb3 41.Rg4 Rb4 42.Rg3 Rf4 43.Rc3 b6 44.g4 Rxg4 45.Rd3 Bd4 46.Kh3 Rf4
47.Nd6 Rf1 48.Kg4 Rf4+ 49.Kh3 Bf2 50.h5 Rd4 51.Rf3 Rxd6 52.Rxf2 Kg7 53.Rc2
Kh6 54.Rc7 Kxh5 55.Rxh7+ Kg5 0-1

[Event "N4 Loures-Barousse-Castel Moissac"]
[Site "Colomiers"]
[Date "2006.02.04"]
[Round "7"]
[White "Rousselle"]
[Black "Knecht, Alain"]
[Result "0-1"]
[WhiteElo "1790"]
[BlackElo "1999"]
[EventDate "2006.??.??"]
[PlyCount "80"]

1.e4 e5 2.Nf3 Nc6 3.Bc4 Nf6 4.Ng5 d5 5.exd5 Na5 6.Bb5+ c6 7.dxc6 bxc6 8.
Bf1 h6 9.Nf3 e4 10.Ne5 Bd6 11.f4 Qe7 12.b4 Bxe5 13.fxe5 Qxe5 14.bxa5 Qxa1 
15.Nc3 Bg4 16.Be2 Bxe2 17.Kxe2 e3 18.Ba3 Qxd1+ 19.Rxd1 exd2 20.a6 O-O-O 
21.Bc5 Rhe8+ 22.Kf3 Kb8 23.Rb1+ Ka8 24.Rb7 Rd7 25.Rxd7 Nxd7 26.Be3 Ne5+ 
27.Kf4 Nc4 28.Bf2 Re1 29.Bd4 g5+ 30.Kg3 Nd6 31.Kf3 Nb5 32.Be3 d1=Q+ 33.
Nxd1 Rxd1 34.Kg4 Re1 35.Bxg5 hxg5 36.Kxg5 Re2 37.h4 Rxg2+ 38.Kf4 Rxc2 39.
h5 Rxa2 40.h6 Rh2 0-1

[Event "N4 Loures-Barousse-Castel Moissac"]
[Site "Colomiers"]
[Date "2006.02.04"]
[Round "7"]
[White "Rivière, Frédéric"]
[Black "Saunders, Mark"]
[Result "1/2-1/2"]
[WhiteElo "1860"]
[BlackElo "1699"]
[EventDate "2006.??.??"]
[PlyCount "54"]

1.e4 d5 2.exd5 Qxd5 3.Nc3 Qa5 4.Nf3 Nf6 5.d4 c6 6.Bd3 Bg4 7.h3 Bh5 8.Bd2 
e6 9.Ne4 Qc7 10.Nxf6+ gxf6 11.g4 Bg6 12.Qe2 Nd7 13.O-O-O O-O-O 14.Nh4 Bd6 
15.Ng2 e5 16.f4 exf4 17.Rhf1 h5 18.Nxf4 Rde8 19.Qf3 hxg4 20.hxg4 Bxd3 21.
Qxd3 Reg8 22.Nh5 Rxg4 23.Nxf6 Nxf6 24.Rxf6 Qd7 25.Rdf1 Be7 26.Rxf7 Rxd4 
27.Qe3 Re8 1/2-1/2

[Event "N4 Loures-Barousse-Castel Moissac"]
[Site "Colomiers"]
[Date "2006.02.04"]
[Round "7"]
[White "Ribou, Jacques"]
[Black "Catala, Laurent"]
[Result "0-1"]
[WhiteElo "1850"]
[BlackElo "1860"]
[EventDate "2006.??.??"]
[PlyCount "68"]

1.e4 e5 2.Nf3 Nc6 3.Bc4 Bc5 4.c3 d6 5.d4 exd4 6.cxd4 Bb6 7.Bb5 Bd7 8.O-O 
Nge7 9.Nc3 O-O 10.Bg5 f6 11.Bh4 Bg4 12.d5 Nd4 13.Be2 Nxe2+ 14.Qxe2 Ng6 15.
Bg3 Ne5 16.Rfd1 Nxf3+ 17.gxf3 Bh5 18.Qd3 Qd7 19.Ne2 g5 20.Kg2 f5 21.h3 
Rae8 22.Nc3 fxe4 23.fxe4 Bf3+ 24.Kh2 Bxd1 25.Nxd1 Rf6 26.Kg2 Rh6 27.Bh2 g4
28.hxg4 Qxg4+ 29.Qg3 Qxg3+ 30.Bxg3 Rxe4 31.Nc3 Re7 32.Rd1 Rg6 33.Rh1 Reg7 
34.Rh4 Bxf2 0-1

[Event "N4 Loures-Barousse-Castel Moissac"]
[Site "Colomiers"]
[Date "2006.02.04"]
[Round "7"]
[White "Osete, José"]
[Black "Dirat, Sylvain"]
[Result "1-0"]
[WhiteElo "2037"]
[BlackElo "1790"]
[EventDate "2006.??.??"]
[PlyCount "49"]

1.e4 e5 2.Nf3 Nc6 3.Bb5 a6 4.Ba4 d6 5.O-O Bg4 6.c3 Nf6 7.Re1 Be7 8.d3 h6 
9.Nbd2 O-O 10.Nf1 d5 11.h3 dxe4 12.hxg4 exf3 13.Qxf3 Bd6 14.g5 hxg5 15.
Bxg5 e4 16.Rxe4 Ne5 17.Rxe5 Bxe5 18.d4 Bd6 19.Bc2 Re8 20.Ne3 Re6 21.Bf5 
Qe7 22.Qh3 g6 23.Bxe6 fxe6 24.Ng4 Rf8 25.Qh4 1-0

[Event "N4 Loures-Barousse-Castel Moissac"]
[Site "Colomiers"]
[Date "2006.02.04"]
[Round "7"]
[White "Condeminas, Christian"]
[Black "Sangoï, Jean-Jacques"]
[Result "1-0"]
[WhiteElo "1740"]
[BlackElo "1750"]
[EventDate "2006.??.??"]
[PlyCount "77"]

1.e4 c5 2.c3 Nc6 3.d4 e6 4.Nf3 d5 5.exd5 Qxd5 6.Bd3 cxd4 7.cxd4 Nxd4 8.
Nxd4 Bb4+ 9.Nc3 Qxg2 10.Bb5+ Ke7 11.Qf3 Bxc3+ 12.bxc3 Qxf3 13.Nxf3 f6 14.
Ba3+ Kf7 15.O-O Ne7 16.Rad1 a6 17.Bc4 Re8 18.Rd6 Nf5 19.Rb6 Kg6 20.Re1 Kf7
21.Nd4 Nh4 22.Re4 g5 23.Bxe6+ Bxe6 24.Rxb7+ Kg6 25.Rxe6 Rxe6 26.Nxe6 Re8 
27.Nf8+ Kf5 28.Kf1 Nf3 29.h3 h5 30.Be7 g4 31.Kg2 Ne1+ 32.Kg3 Rc8 33.hxg4+ 
hxg4 34.Bb4 Rd8 35.Rd7 Rc8 36.Rd5+ Ke4 37.Rd4+ Ke5 38.Ng6+ Ke6 39.Re4+ 1-0

[Event "N4 Loures-Barousse-Castel Moissac"]
[Site "Colomiers"]
[Date "2006.02.04"]
[Round "7"]
[White "Cebollero, Daniel"]
[Black "Cordier, Michel"]
[Result "0-1"]
[WhiteElo "1630"]
[BlackElo "1580"]
[EventDate "2006.??.??"]
[PlyCount "84"]

1.d4 Nf6 2.c4 e6 3.Nc3 Bb4 4.Bg5 h6 5.Bxf6 Qxf6 6.Nf3 c5 7.e3 O-O 8.Be2 d5
9.O-O cxd4 10.Nxd4 Bxc3 11.bxc3 a6 12.Qb3 dxc4 13.Bxc4 b5 14.Be2 Bb7 15.
Bf3 Bxf3 16.Nxf3 Nc6 17.Rac1 Na5 18.Qb4 Nc4 19.Rfd1 Rfd8 20.a4 Rab8 21.
Rxd8+ Qxd8 22.Nd4 Qd7 23.axb5 axb5 24.Rb1 Nd6 25.c4 Nxc4 26.Nxb5 Nd6 27.
Rd1 Rxb5 28.Qa4 Rd5 29.Qa8+ Qc8 30.Qxc8+ Nxc8 31.Rxd5 exd5 32.Kf1 Kf8 33.
Ke2 Ke7 34.Kd3 Ke6 35.Kd4 Kd6 36.e4 dxe4 37.Kxe4 Ke6 38.g4 Ne7 39.f4 g6 
40.g5 f5+ 41.Ke3 hxg5 42.fxg5 Ke5 0-1

[Event "N4 Blaye-Colomiers"]
[Site "Colomiers"]
[Date "2006.02.04"]
[Round "7.8"]
[White "Lagarrigue, Remy"]
[Black "Schertzer, Jean-Matthieu"]
[Result "0-1"]
[WhiteElo "1199"]
[BlackElo "1299"]
[EventDate "2006.??.??"]
[PlyCount "56"]

1.d4 d5 2.Nf3 e6 3.e3 c6 4.Bd3 Nf6 5.O-O Bd6 6.b3 O-O 7.Bb2 Nbd7 8.Nbd2 
Qc7 9.c4 b6 10.cxd5 exd5 11.e4 dxe4 12.Nxe4 Nxe4 13.Bxe4 Nf6 14.Re1 Re8 
15.Bc2 Bg4 16.Rxe8+ Rxe8 17.g3 Ne4 18.Bxe4 Rxe4 19.Qd3 Bf5 20.Ng5 Re1+ 21.
Qf1 Rxf1+ 22.Rxf1 h6 23.Nf3 c5 24.Rc1 Qb7 25.Ne5 Bh3 26.f3 Bxe5 27.dxe5 
Qxf3 28.Rc2 Qf1# 0-1

[Event "N4 Blaye-Colomiers"]
[Site "Colomiers"]
[Date "2006.02.04"]
[Round "7.7"]
[White "Gayraud, Christian"]
[Black "Fasquel, Claire"]
[Result "1-0"]
[WhiteElo "1490"]
[BlackElo "1199"]
[EventDate "2006.??.??"]
[PlyCount "55"]

1.e4 e6 2.d4 d5 3.e5 c5 4.c3 Nc6 5.Nf3 Qb6 6.Bd3 Bd7 7.O-O cxd4 8.cxd4 
Nxd4 9.Nxd4 Qxd4 10.Nc3 Qxe5 11.Re1 Qf6 12.Nxd5 Qd8 13.Bf4 Rc8 14.Rc1 Rxc1
15.Qxc1 Qc8 16.Nc7+ Kd8 17.Qe3 a6 18.Rc1 Bc6 19.Qb6 Kd7 20.Qd4+ Ke7 21.
Qd6+ Kf6 22.Be5+ Kg5 23.h4+ Kxh4 24.Qd4+ Kh5 25.Be2+ Kg6 26.Qg4+ Kh6 27.
Bf4+ g5 28.Qxg5# 1-0

[Event "N4 Blaye-Colomiers"]
[Site "Colomiers"]
[Date "2006.02.04"]
[Round "7.6"]
[White "Avdagic, Ajdin"]
[Black "Courceulles, Alex"]
[Result "1-0"]
[WhiteElo "1510"]
[BlackElo "1550"]
[EventDate "2006.??.??"]
[PlyCount "85"]

1.e4 e6 2.Nf3 Nf6 3.e5 Nd5 4.Bc4 d6 5.d4 Nb6 6.Bb3 d5 7.c3 c5 8.Be3 Qc7 9.
Nbd2 Bd7 10.c4 Qc6 11.Rc1 Na6 12.a3 Rc8 13.O-O Be7 14.Ba2 Qa4 15.Bb3 Qc6 
16.Ba2 Qa4 17.Bb3 Qa5 18.cxd5 exd5 19.Nb1 c4 20.Bc2 Qb5 21.b3 cxb3 22.Bxb3
Rxc1 23.Bxc1 Bg4 24.h3 Bxf3 25.Qxf3 Qxb3 26.Qxb3 O-O 27.Qg3 g6 28.Bh6 Rc8 
29.f4 Nd7 30.f5 Bf8 31.Bxf8 Kxf8 32.fxg6 hxg6 33.Qf3 f6 34.e6 Ke7 35.exd7 
Kxd7 36.Qxd5+ Kc7 37.Rxf6 Kb8 38.Qd6+ Ka8 39.Nc3 g5 40.Nb5 g4 41.Rf8 Rb8 
42.Rxb8+ Nxb8 43.Nc7# 1-0

[Event "N4 Blaye-Colomiers"]
[Site "Colomiers"]
[Date "2006.02.04"]
[Round "7.5"]
[White "Valade, Patrick"]
[Black "Blesing, Alicia"]
[Result "1/2-1/2"]
[WhiteElo "1620"]
[BlackElo "1710"]
[EventDate "2006.??.??"]
[PlyCount "65"]

1.e4 c5 2.Nf3 e6 3.c3 Nf6 4.d3 Nc6 5.Be2 Be7 6.Na3 a6 7.Nc2 Qc7 8.a3 d5 9.
exd5 exd5 10.b4 cxb4 11.axb4 Ne5 12.Bb2 Nxf3+ 13.Bxf3 O-O 14.O-O Bf5 15.
Ne3 Be6 16.Nc2 Rad8 17.Nd4 Bc8 18.Ne2 Ng4 19.Ng3 Ne5 20.Be2 Ng6 21.Bg4 f5 
22.Bh5 Nf4 23.Bf3 d4 24.Qb3+ Be6 25.c4 b5 26.Rac1 bxc4 27.dxc4 Rb8 28.Bxd4
Rxb4 29.Qe3 Bg5 30.Be5 Nh3+ 31.gxh3 Bxe3 32.Bxc7 Bxc1 33.Rxc1 1/2-1/2

[Event "N4 Blaye-Colomiers"]
[Site "Colomiers"]
[Date "2006.02.04"]
[Round "7.4"]
[White "Blesing, Rene"]
[Black "Valat, Jean-Marie"]
[Result "1-0"]
[WhiteElo "1750"]
[BlackElo "1710"]
[EventDate "2006.??.??"]
[PlyCount "45"]

1.e4 c6 2.Nf3 d5 3.exd5 cxd5 4.b3 g6 5.Bb2 Nf6 6.Bb5+ Nc6 7.Ne5 Bd7 8.Nxd7
Qxd7 9.Qe2 Bg7 10.d3 a6 11.Bxc6 Qxc6 12.f3 O-O 13.Na3 b5 14.c4 dxc4 15.
dxc4 bxc4 16.Nxc4 Qc5 17.O-O-O Qg5+ 18.Kb1 Nd5 19.g4 Bxb2 20.Qxb2 Ne3 21.
Qd2 Qf6 22.Qxe3 a5 23.Nb6 1-0

[Event "N4 Blaye-Colomiers"]
[Site "Colomiers"]
[Date "2006.02.04"]
[Round "7.3"]
[White "Devals, Nicolas"]
[Black "Moiseyev, Vlas"]
[Result "0-1"]
[WhiteElo "1730"]
[BlackElo "1840"]
[EventDate "2006.??.??"]
[PlyCount "56"]

1.e4 c5 2.Nf3 Nc6 3.d4 cxd4 4.Nxd4 e6 5.Be3 Nf6 6.Bd3 Be7 7.O-O O-O 8.c3 
Ne5 9.f4 Nxd3 10.Qxd3 Ng4 11.Bc1 e5 12.fxe5 Nxe5 13.Qg3 Ng6 14.Nf3 d5 15.
exd5 Qxd5 16.Be3 b6 17.Nbd2 Bd6 18.Qg5 Qd3 19.Bf2 Bf4 20.Qh5 Bxd2 21.Rfd1 
Nf4 22.Qh4 Nh3+ 23.Kh1 Nxf2+ 24.Qxf2 Be3 25.Qe1 Qe4 26.Rd2 Re8 27.Re2 Ba6 
28.Nd2 Bxd2 0-1

[Event "N4 Blaye-Colomiers"]
[Site "Colomiers"]
[Date "2006.02.04"]
[Round "7.2"]
[White "Hantisse, Alain"]
[Black "Grard, Alain"]
[Result "1-0"]
[WhiteElo "1990"]
[BlackElo "1680"]
[EventDate "2006.??.??"]
[PlyCount "81"]

1.e4 e5 2.Nf3 Nc6 3.Bb5 a6 4.Ba4 Nf6 5.O-O b5 6.Bb3 Be7 7.Re1 O-O 8.c3 d6 
9.h3 Na5 10.Bc2 c5 11.d4 cxd4 12.cxd4 Qc7 13.d5 Bd7 14.a3 h6 15.Re3 Rac8 
16.Rc3 Qb8 17.Qe1 Nh7 18.Rxc8 Rxc8 19.Qxa5 Rxc2 20.Nc3 Bd8 21.Qb4 Bb6 22.
Bd2 Ng5 23.Bxg5 Rxf2 24.Kh1 a5 25.Qb3 hxg5 26.Nd1 Rf1+ 27.Kh2 g4 28.hxg4 
Bxg4 29.Qd3 Rxf3 30.gxf3 Bh5 31.Qf1 Qd8 32.Qh3 Qg5 33.Qg3 Qh6 34.Kg2 Qd2+ 
35.Kh3 Qe2 36.Rc1 Bxf3 37.Rc8+ Kh7 38.Rc3 Qf1+ 39.Kh4 Qh1+ 40.Qh3 Bd8+ 41.
Kg3+ 1-0

[Event "N4 Blaye-Colomiers"]
[Site "Colomiers"]
[Date "2006.02.04"]
[Round "7.1"]
[White "Arlabosse, Nicolas"]
[Black "Durbize, Patrick"]
[Result "1/2-1/2"]
[WhiteElo "1857"]
[BlackElo "1960"]
[EventDate "2006.??.??"]
[PlyCount "77"]

1.e4 b6 2.d4 Bb7 3.Bd3 Nf6 4.f3 e6 5.a3 c5 6.Be3 cxd4 7.Bxd4 Nc6 8.Bf2 Be7
9.Ne2 Ne5 10.Nbc3 O-O 11.O-O d5 12.exd5 Nxd3 13.Qxd3 Nxd5 14.Nxd5 Qxd5 15.
Qxd5 Bxd5 16.b3 Bf6 17.Bd4 Be7 18.c4 Bb7 19.Rfd1 Rfd8 20.Kf1 Rac8 21.Bb2 
a6 22.Nc3 Kf8 23.Ke2 Bf6 24.Rxd8+ Rxd8 25.Rd1 Rxd1 26.Nxd1 Be7 27.b4 f6 
28.Bd4 Bd8 29.Nc3 Ke8 30.b5 Kd7 31.Na4 axb5 32.cxb5 Bd5 33.Kd3 Bb3 34.
Nxb6+ Bxb6 35.Bxb6 Kc8 36.f4 Bd5 37.g3 Kb7 38.Bc5 Bg2 39.a4 1/2-1/2

[Event "N4 Albi-Tournefeuille2"]
[Site "Colomiers"]
[Date "2006.02.04"]
[Round "7"]
[White "Schegerin, André"]
[Black "Klimchand, Didier"]
[Result "0-1"]
[WhiteElo "1910"]
[BlackElo "1965"]
[EventDate "2006.??.??"]
[PlyCount "94"]

1.f4 Nf6 2.Nf3 c5 3.e3 a6 4.c4 Nc6 5.b3 d6 6.d4 cxd4 7.exd4 Bf5 8.Bd3 Bg4 
9.Be2 Ne4 10.O-O Qb6 11.Bb2 e5 12.Nbd2 f5 13.Kh1 Nxd2 14.Nxd2 Bxe2 15.Qxe2
e4 16.c5 Qb5 17.Nc4 d5 18.a4 Qxb3 19.Nb6 Rd8 20.Ra3 Qb4 21.Rd1 Na5 22.Rg3 
Nc4 23.Bc3 Qb3 24.Nxc4 Qxc4 25.Qb2 Rd7 26.Qb6 Qxa4 27.Qe6+ Be7 28.Ra1 Qc6 
29.Qxf5 Qf6 30.Qh5+ Qf7 31.Qg4 Bf6 32.c6 Rc7 33.cxb7 O-O 34.h3 Rxb7 35.
Rxa6 h5 36.Qe6 Qxe6 37.Rxe6 Rb3 38.Kh2 Bh4 39.Re3 Bf2 40.Re2 Rxf4 41.Rc6 
h4 42.Bb2 Rd3 43.Rc1 Bxd4 44.Bxd4 Rxd4 45.g3 hxg3+ 46.Kxg3 Rf3+ 47.Kg2 
Rdd3 0-1

[Event "N4 Albi-Tournefeuille2"]
[Site "Colomiers"]
[Date "2006.02.04"]
[Round "7"]
[White "Lopez, Jacky"]
[Black "Treinsoutrot, Vincent"]
[Result "0-1"]
[WhiteElo "1540"]
[BlackElo "1660"]
[EventDate "2006.??.??"]
[PlyCount "84"]

1.d4 d5 2.c4 c6 3.Nc3 Nf6 4.Nf3 dxc4 5.Bf4 Nd5 6.Bg3 Nxc3 7.bxc3 Bf5 8.e3 
b5 9.Be2 Nd7 10.O-O e6 11.Ne5 Nxe5 12.Bxe5 f6 13.Bg3 Be7 14.Bf3 Rc8 15.e4 
Bg6 16.Re1 O-O 17.Qe2 Qa5 18.Bg4 Bf7 19.Qe3 Ba3 20.Rab1 Rce8 21.Bf3 Rd8 
22.e5 fxe5 23.Bxe5 c5 24.Qg5 Bg6 25.Be4 cxd4 26.Bxg6 hxg6 27.Qxg6 Rf7 28.
Qxe6 Qxc3 29.Re4 Qc2 30.Rbe1 Qxf2+ 31.Kh1 Bb4 32.Bg3 Qxa2 33.Rf1 Rd7 34.
Ref4 Kh8 35.Rxf7 Rxf7 36.Qxf7 Qe2 37.Be5 Qxe5 38.Qxa7 c3 39.Qa8+ Kh7 40.
Qf3 c2 41.Qd3+ Kg8 42.Qxc2 Qe3 0-1

[Event "N4 Albi-Tournefeuille2"]
[Site "Colomiers"]
[Date "2006.02.04"]
[Round "7"]
[White "Guesdon, Joël"]
[Black "Krasnobroda, Maurice"]
[Result "1-0"]
[WhiteElo "1680"]
[BlackElo "1480"]
[EventDate "2006.??.??"]
[PlyCount "59"]

1.c4 e5 2.Nc3 Nf6 3.d3 Nc6 4.Nf3 Be7 5.e4 O-O 6.Bg5 h6 7.Bd2 a6 8.Be2 d6 
9.O-O Bd7 10.h3 Qc8 11.Nh2 Bd8 12.f4 exf4 13.Rxf4 Nd4 14.Bg4 Ne6 15.Rf3 c6
16.Be3 Nh7 17.Bf5 Neg5 18.Bxh7+ Kxh7 19.Bxg5 Bxg5 20.g4 h5 21.Qf1 Kg8 22.
gxh5 Bf6 23.Qg2 Kh7 24.Raf1 Bd4+ 25.Kh1 f6 26.Qg6+ Kh8 27.h6 Rg8 28.Rg3 
Be8 29.hxg7+ Rxg7 30.Qxg7# 1-0

[Event "N4 Albi-Tournefeuille2"]
[Site "Colomiers"]
[Date "2006.02.04"]
[Round "7"]
[White "De Baralle, Michel"]
[Black "Pinault, Ronan"]
[Result "0-1"]
[WhiteElo "1550"]
[BlackElo "1770"]
[EventDate "2006.??.??"]
[PlyCount "54"]

1.d4 Nf6 2.c4 g6 3.Nc3 d5 4.e3 Bg7 5.Nf3 O-O 6.Be2 dxc4 7.Bxc4 a6 8.a4 c5 
9.d5 Qa5 10.Bd2 Nbd7 11.O-O Qc7 12.Re1 Ng4 13.h3 Nge5 14.Be2 b6 15.e4 Bb7 
16.Bf4 Nxf3+ 17.Bxf3 Qxf4 18.Qb3 Qc7 19.Rad1 Ne5 20.Be2 g5 21.Rd2 Qd6 22.
Red1 Rad8 23.Bh5 Qh6 24.Be2 Rd6 25.Bf1 g4 26.Ne2 gxh3 27.Qxh3 Qxh3 0-1

[Event "N4 Albi-Tournefeuille2"]
[Site "Colomiers"]
[Date "2006.02.04"]
[Round "7"]
[White "Daourbekov, Said"]
[Black "Wehmeier, Manuel"]
[Result "0-1"]
[WhiteElo "1780"]
[BlackElo "1950"]
[EventDate "2006.??.??"]
[PlyCount "132"]

1.e4 e5 2.Bc4 Nf6 3.d3 c6 4.Nf3 d6 5.a4 Bg4 6.h3 Bh5 7.Bg5 Be7 8.Nc3 O-O 
9.g4 Bg6 10.Bxf6 Bxf6 11.h4 h6 12.Qd2 Be7 13.O-O-O Kh8 14.g5 h5 15.Rdg1 
Qa5 16.d4 Rd8 17.d5 Nd7 18.Re1 Qb4 19.b3 Nc5 20.Kb2 a6 21.Na2 Nxa4+ 22.Ka1
Qxd2 23.Nxd2 Nc5 24.Re3 b5 25.Be2 cxd5 26.exd5 f5 27.f4 e4 28.Nf1 Bf7 29.
Nb4 Be8 30.g6 Bf6+ 31.Kb1 Bxg6 32.Rg1 Bf7 33.Reg3 Kh7 34.Ne3 g6 35.Rh1 
Rdc8 36.Nc6 Be8 37.Rhg1 Bxh4 38.Rh3 Bf2 39.Rgh1 Bxe3 40.Ne7 Rc7 41.Nxf5 
gxf5 42.Bxh5 Bxh5 43.Rxh5+ Kg8 44.Rh8+ Kg7 45.R8h7+ Kf8 46.Rxc7 Bd4 47.
Rch7 Re8 48.R1h5 Kg8 49.b4 Na4 50.R7h6 Nc3+ 51.Kc1 e3 52.Rg5+ Bg7 53.Rhg6 
Re7 54.Re6 Nxd5 55.Rxe7 Nxe7 56.Kd1 d5 57.Ke2 d4 58.Kd3 Kf7 59.c4 dxc3 60.
Kxe3 Bf6 61.Rg1 Nd5+ 62.Kd3 Nxb4+ 63.Ke2 a5 64.Ra1 c2 65.Rh1 Bb2 66.Kd2 
c1=Q+ 0-1

[Event "N4 Albi-Tournefeuille2"]
[Site "Colomiers"]
[Date "2006.02.04"]
[Round "7"]
[White "Chapelet, Jonas"]
[Black "Lopez Michelone, Manuel"]
[Result "1-0"]
[WhiteElo "1750"]
[BlackElo "1350"]
[EventDate "2006.??.??"]
[PlyCount "80"]

1.e4 c5 2.Nf3 d6 3.d4 cxd4 4.Nxd4 e5 5.Nf3 h6 6.c4 Nf6 7.Nc3 b6 8.Be2 Bb7 
9.Qd3 Nbd7 10.Be3 Nc5 11.Bxc5 bxc5 12.Nd2 g5 13.Rd1 a6 14.Nf1 Qc7 15.Ne3 
Rd8 16.Ned5 Nxd5 17.Nxd5 Bxd5 18.Qxd5 h5 19.h4 g4 20.O-O Qe7 21.g3 Rg8 22.
Kh2 Bh6 23.Rd3 Bf4 24.Kg2 Bg5 25.hxg5 Qxg5 26.Qc6+ Ke7 27.Rfd1 Rg6 28.Rh1 
Rh6 29.Rh4 f5 30.exf5 Qxf5 31.Rd1 Rf6 32.Rf1 Qc2 33.Bd1 Qd2 34.Ba4 d5 35.
Qc7+ Kf8 36.Qxd8+ Kg7 37.Qe7+ Kg6 38.Be8+ Kf5 39.Rxh5+ Ke4 40.Qxe5+ Kd3 
1-0

[Event "N4 Albi-Tournefeuille2"]
[Site "Colomiers"]
[Date "2006.02.04"]
[Round "7"]
[White "Bottu, Eric"]
[Black "Fabre, Philippe"]
[Result "1/2-1/2"]
[WhiteElo "1950"]
[BlackElo "1691"]
[EventDate "2006.??.??"]
[PlyCount "50"]

1.e4 d6 2.d4 Nf6 3.Nc3 g6 4.Nf3 Bg7 5.Be2 O-O 6.O-O Nc6 7.h3 e5 8.Be3 a6 
9.Qd2 b5 10.a3 exd4 11.Nxd4 Bb7 12.Rab1 Re8 13.f3 Nh5 14.Nxc6 Bxc6 15.Bg5 
Bd4+ 16.Qxd4 Qxg5 17.Qf2 Nf4 18.Kh2 d5 19.g3 Nxe2 20.Nxe2 dxe4 21.fxe4 Qe7
22.Nc3 Bxe4 23.Nxe4 Qxe4 24.Qxf7+ Kh8 25.Qf6+ Kg8 1/2-1/2

[Event "N4 Rodez-Colomiers"]
[Site "Rodez"]
[Date "2006.02.05"]
[Round "5"]
[White "Tanguy, Fabien"]
[Black "Hantisse, Fabien"]
[Result "1-0"]
[WhiteElo "2070"]
[BlackElo "1990"]
[EventDate "2006.??.??"]
[PlyCount "101"]

1.g4 d5 2.Bg2 Bxg4 3.c4 c6 4.cxd5 e6 5.Qa4 Nf6 6.h3 Bh5 7.dxe6 fxe6 8.Nf3 
Bxf3 9.Bxf3 Nd5 10.Qe4 Qf6 11.Bg4 Nc7 12.d4 Bd6 13.Rg1 O-O 14.Bf3 Bf4 15.
Bd2 Qf5 16.Rg4 Qxe4 17.Bxe4 Bxd2+ 18.Nxd2 Nd7 19.f3 Nf6 20.Rg5 Rad8 21.e3 
Nxe4 22.fxe4 Rf7 23.Ke2 Rdf8 24.Rag1 Rf2+ 25.Kd3 R8f7 26.Nc4 Ne8 27.h4 Rh2
28.Re5 Nc7 29.h5 Rff2 30.Reg5 Ne8 31.a4 h6 32.Rg6 Rf6 33.e5 Rxg6 34.hxg6 
Rf2 35.b3 Kf8 36.Na5 Ke7 37.Nxb7 Nc7 38.Na5 Kd7 39.Rc1 Rg2 40.Rxc6 Nd5 41.
Rd6+ Kc7 42.Rxe6 h5 43.Ke4 h4 44.Kxd5 h3 45.Rc6+ Kd8 46.Nb7+ Ke7 47.Rc7+ 
Kf8 48.Rf7+ Kg8 49.Rf3 Rxg6 50.Rxh3 Rb6 51.Nc5 1-0

[Event "N4 Rodez-Colomiers"]
[Site "Rodez"]
[Date "2006.02.05"]
[Round "5"]
[White "Nenert, Louis"]
[Black "Artis, Paul"]
[Result "0-1"]
[WhiteElo "1750"]
[BlackElo "1570"]
[EventDate "2006.??.??"]
[PlyCount "68"]

1.e4 c6 2.d4 d5 3.Nc3 dxe4 4.Nxe4 Bf5 5.Ng3 Bg6 6.Nf3 h6 7.h4 e6 8.h5 Bh7 
9.Bd3 Bxd3 10.Qxd3 Nd7 11.b3 Ngf6 12.Bb2 Bd6 13.O-O-O Qc7 14.c4 Bxg3 15.
fxg3 Qxg3 16.Rhe1 O-O-O 17.Qd2 Kb8 18.d5 cxd5 19.Ne5 Rhf8 20.c5 Qg5 21.Re3
Ng4 22.Nxg4 Qxg4 23.b4 Rc8 24.Kb1 f6 25.Ra3 Ne5 26.Bxe5+ fxe5 27.Ka1 Rf4 
28.Rb1 Rc4 29.Rd3 Qxh5 30.b5 R4xc5 31.a4 e4 32.Rdb3 Qe5+ 33.R1b2 Rc2 34.
Qd1 Rc1+ 0-1

[Event "N4 Rodez-Colomiers"]
[Site "Rodez"]
[Date "2006.02.05"]
[Round "5"]
[White "Forest, Eric"]
[Black "Blesing, René"]
[Result "0-1"]
[WhiteElo "1870"]
[BlackElo "1750"]
[EventDate "2006.??.??"]
[PlyCount "154"]

1.e4 Nf6 2.Nc3 d5 3.e5 d4 4.Nce2 Nfd7 5.e6 fxe6 6.Nxd4 Nf6 7.Nb3 Nc6 8.Bb5
Qd5 9.Bxc6+ Qxc6 10.Nf3 Qe4+ 11.Qe2 Qxe2+ 12.Kxe2 b6 13.Ne5 g6 14.d3 Bg7 
15.Nd2 Nd7 16.Nxd7 Bxd7 17.f3 O-O 18.Ne4 h6 19.h4 Rf7 20.Rb1 Raf8 21.Bd2 
c5 22.Bc3 e5 23.Rbe1 Bc6 24.Nd2 b5 25.Kd1 Rf5 26.b3 Rd8 27.Re2 h5 28.Rhe1 
Bf6 29.Rh1 Kf7 30.Nf1 c4 31.Re3 Rf4 32.Ke2 cxd3+ 33.cxd3 Rxh4 34.Rxh4 Bxh4
35.Bxe5 Bf6 36.Bxf6 Kxf6 37.Kd2 Rd5 38.Re4 Rg5 39.Re2 b4 40.Rf2 Ra5 41.Ke3
Rd5 42.Nd2 Bb5 43.Ne4+ Ke6 44.d4 h4 45.f4 Kf5 46.Nc5 Rd8 47.Rd2 Rh8 48.d5 
h3 49.gxh3 Rxh3+ 50.Kd4 Rh4 51.Rf2 Rxf4+ 52.Rxf4+ Kxf4 53.Ne6+ Kf5 54.Kc5 
Bd7 55.Nd4+ Ke5 56.Nf3+ Kf4 57.Nd4 g5 58.Kxb4 g4 59.Kc4 g3 60.Ne2+ Kf3 61.
Nxg3 Kxg3 62.b4 Kf4 63.b5 Ke5 64.Kc5 Bxb5 65.Kxb5 Kxd5 66.a4 e5 67.Ka6 Kc6
68.Kxa7 e4 69.a5 Kc7 70.Ka8 e3 71.a6 e2 72.a7 Kb6 73.Kb8 e1=Q 74.a8=N+ Kc6
75.Ka7 Qe7+ 76.Ka6 Qb7+ 77.Ka5 Qb5# 0-1

[Event "N4 Rodez-Colomiers"]
[Site "Rodez"]
[Date "2006.02.05"]
[Round "5"]
[White "Charruyer, Baptiste"]
[Black "Nghiem, Paul-Olivier"]
[Result "0-1"]
[WhiteElo "1440"]
[BlackElo "1199"]
[EventDate "2006.??.??"]
[PlyCount "90"]

1.d4 g6 2.g3 Bg7 3.c3 Nf6 4.Bg2 O-O 5.e4 d6 6.Bg5 e5 7.d5 Nbd7 8.Nd2 Nc5 
9.Qc2 h6 10.Be3 Ng4 11.Bxc5 dxc5 12.Bh3 f5 13.Bxg4 fxg4 14.Nc4 b6 15.O-O-O
Ba6 16.Ne3 h5 17.h3 Bh6 18.Re1 Qf6 19.c4 Qxf2 20.Qxf2 Rxf2 21.hxg4 Raf8 
22.Nh3 Rg2 23.g5 Rxg3 24.gxh6 Rff3 25.Rhg1 Rxe3 26.Rxe3 Rxe3 27.Rxg6+ Kh7 
28.Rg7+ Kxh6 29.Rxc7 Rxe4 30.Rc6+ Kg7 31.Rc7+ Kf6 32.Rc6+ Kf5 33.b3 Re3 
34.Nf2 Re2 35.Nd3 h4 36.Nxc5 bxc5 37.Rxa6 h3 38.Rh6 h2 39.Kd1 Rxa2 40.d6 
Ra1+ 41.Ke2 h1=Q 42.Rxh1 Rxh1 43.b4 cxb4 44.c5 Ke6 45.Kd3 Rc1 0-1

[Event "N4 Rodez-Colomiers"]
[Site "Rodez"]
[Date "2006.02.05"]
[Round "5"]
[White "Blesing, Alicia"]
[Black "Cuq, Christian"]
[Result "0-1"]
[WhiteElo "1710"]
[BlackElo "1690"]
[EventDate "2006.??.??"]
[PlyCount "170"]

1.e4 d5 2.exd5 Qxd5 3.Nc3 Qa5 4.Nf3 Bf5 5.Bc4 e6 6.O-O Nf6 7.d3 c6 8.a3 
Bd6 9.Re1 O-O 10.b4 Qc7 11.h3 Nbd7 12.Ne2 Nb6 13.Bb3 Rad8 14.Ned4 Bg6 15.
Bb2 Bh5 16.c4 Bf4 17.Nc2 Bg6 18.d4 Bh5 19.Qe2 Qb8 20.Rad1 a6 21.Ne3 Rfe8 
22.g4 Bg6 23.Ng2 h5 24.Ne5 Bxe5 25.dxe5 Nh7 26.Nf4 hxg4 27.Qxg4 Bf5 28.Qg3
Rxd1 29.Rxd1 Rd8 30.Nh5 Rxd1+ 31.Bxd1 Bg6 32.Qf4 Qd8 33.Bg4 Bxh5 34.Bxh5 
Qg5+ 35.Qxg5 Nxg5 36.h4 Nh3+ 37.Kf1 Nf4 38.c5 Nc4 39.Bxf7+ Kxf7 40.Bc1 Ng6
41.Ke2 Ncxe5 42.f4 Nd7 43.h5 Ne7 44.Kf3 Nf5 45.Bb2 Nf6 46.Be5 Nxh5 47.Ke4 
Nf6+ 48.Kd3 Nd7 49.Bc7 Nf6 50.Kc4 Ne3+ 51.Kd3 Ned5 52.Be5 Nd7 53.Bd6 g6 
54.Kc4 Kf6 55.a4 Ne3+ 56.Kd3 Nf5 57.Bc7 e5 58.Ke4 exf4 59.Bd8+ Ke6 60.Kxf4
Ne5 61.Ke4 Ng3+ 62.Kd4 Kf5 63.Bc7 Nf3+ 64.Ke3 Kg4 65.Kf2 Ne4+ 66.Kg2 Nc3 
67.a5 Nd5 68.Bg3 Nxb4 69.Bf2 Nd3 70.Be3 Nh4+ 71.Kh2 Kf3 72.Bg5 Ng2 73.Be7 
Ne5 74.Bd6 Nc4 75.Bc7 g5 76.Bd8 g4 77.Bc7 Nge3 78.Kg1 Nd5 79.Bd8 Nc3 80.
Bc7 Na4 81.Kh1 Nxc5 82.Bh2 Nb3 83.Bg1 Ncxa5 84.Bh2 b5 85.Be5 c5 0-1

[Event "N4 Rodez-Colomiers"]
[Site "Rodez"]
[Date "2006.02.05"]
[Round "5"]
[White "Besset, Thierry"]
[Black "Moiseyev, Vlas"]
[Result "0-1"]
[WhiteElo "1830"]
[BlackElo "1840"]
[EventDate "2006.??.??"]
[PlyCount "48"]

1.e4 c5 2.Nf3 e6 3.e5 Nc6 4.Bb5 Qc7 5.d4 cxd4 6.Bxc6 Qxc6 7.Qxd4 Ne7 8.Nc3
Nf5 9.Qe4 b6 10.O-O Bb7 11.Re1 Be7 12.g4 d5 13.Qa4 Qxa4 14.Nxa4 d4 15.Nd2 
Nh4 16.b3 Rc8 17.Nb2 Rxc2 18.Nbc4 O-O 19.a4 Bb4 20.Re4 Nf3+ 21.Nxf3 Bxe4 
22.Nxd4 Rd8 23.Bb2 Rxb2 24.Nxb2 Rxd4 0-1